000 00540nam a2200193 i 4500
001 144553
003 ES-MaACL
005 20250814045119.0
007 t|
008 070214s1968 xxu r ||||1| eng d
100 1 _aSlater, John C.
_9106770
245 1 0 _aQuantum theory of matter /
_cJohn C. Slater.
250 _a2nd ed.
260 _aNew York [etc.] :
_bMcGraw-Hill,
_c1968.
300 _a9 h., 763 p. ;
_c24 cm.
650 0 7 _aMecánica cuántica
_2embne
_914872
852 _aES-MaACL
_jE-7010
_bR.91361
999 _c144553
_d144553